| 000 | 00726 a2200217 4500 | ||
|---|---|---|---|
| 010 | _aENG-89069 | ||
| 020 |
_a8124603529 _c200.00 |
||
| 035 | 1 | 4 | _aEN-72602 |
| 037 | 1 | _bDBAD / PUB | |
| 082 | 1 | 4 | _a181.46 |
| 090 |
_c10152 _d10152 |
||
| 100 | _aSharma, Arvind | ||
| 245 | 1 |
_aSea-shell as silver : _cby Arvind Sharma _ba metaphorical excursion into Advaita Vedanta / |
|
| 260 |
_aNew Delhi _bD.K. Printworld _c2006 |
||
| 270 | _mdkprintworld@vsnl.net | ||
| 300 |
_avii, 110p. _c23 cm ( Hb) |
||
| 500 | _aIncludes bibliographical references and index | ||
| 650 |
_aAdvaita _xVedanta |
||
| 942 |
_adpl _cEN _k181.46 / SHA |
||
| 999 |
_c9922 _d9922 |
||